Eastern Utah Libraries Catalog: Duchesne, Heber, Roosevelt, & Vernal

The Americans. The complete second season / (Record no. 208280)

MARC details
000 -LEADER
fixed length control field 05220cgm a22010457i 4500
001 - CONTROL NUMBER
control field ocn894373175
003 - CONTROL NUMBER IDENTIFIER
control field OCoLC
005 - DATE AND TIME OF LATEST TRANSACTION
control field 20251227122456.0
007 - PHYSICAL DESCRIPTION FIXED FIELD--GENERAL INFORMATION
fixed length control field vd cvaizq
008 - FIXED-LENGTH DATA ELEMENTS--GENERAL INFORMATION
fixed length control field 160202t20142014xxu585 vleng
010 ## - LIBRARY OF CONGRESS CONTROL NUMBER
LC control number 2016600125
017 ## - COPYRIGHT OR LEGAL DEPOSIT NUMBER
Copyright or legal deposit number PA0001945172
Assigning agency U.S. Copyright Office
024 1# - OTHER STANDARD IDENTIFIER
Standard number or code 024543931904
028 40 - PUBLISHER NUMBER
Publisher number 2293190
Source 20th Century Fox Home Entertainment
029 1# - (OCLC)
OCLC library identifier NZ1
System control number 16040396
035 ## - SYSTEM CONTROL NUMBER
System control number (OCoLC)894373175
Canceled/invalid control number (OCoLC)915068241
-- (OCoLC)919473603
037 ## - SOURCE OF ACQUISITION
Stock number 11203757
040 ## - CATALOGING SOURCE
Original cataloging agency DLC
Language of cataloging eng
Description conventions rda
Transcribing agency DLC
Modifying agency TEFMT
-- TEF
-- NGU
-- YW6
-- IEP
-- HCO
-- MNSEL
-- GK8
-- AUM
-- COO
-- OCLCF
-- PAU
-- WAU
-- B@L
-- OCLCO
-- UINTA
041 1# - LANGUAGE CODE
Language code of text/sound track or separate title eng
-- spa
Language code of original and/or intermediate translations of text eng
043 ## - GEOGRAPHIC AREA CODE
Geographic area code e-ur---
-- n-us---
049 ## - LOCAL HOLDINGS (OCLC)
Holding library UCLB
050 00 - LIBRARY OF CONGRESS CALL NUMBER
Classification number DVD9083 (viewing copy)
082 04 - DEWEY DECIMAL CLASSIFICATION NUMBER
Classification number 791.45/75
Edition number 23
092 ## - LOCALLY ASSIGNED DEWEY CALL NUMBER (OCLC)
Classification number DVD
130 0# - MAIN ENTRY--UNIFORM TITLE
Uniform title Americans (Television program : 2013- ).
Number of part/section of a work Season 2.
9 (RLIN) 6490479
245 14 - TITLE STATEMENT
Title The Americans. The complete second season /
257 ## - COUNTRY OF PRODUCING ENTITY FOR ARCHIVAL FILMS
Country of producing entity United States.
264 #2 - Production, Publication, Distribution, Manufacture, and Copyright Notice.
Place of production, publication, distribution, manufacture Beverly Hills, California :
Name of producer, publisher, distributor, manufacturer Twentieth Century Fox Home Entertainment, FX presents ; Amblin Television ; Fox Television Studios ; FX Productions.
Date of production, publication, distribution, manufacture, or copyr [2014]
300 ## - PHYSICAL DESCRIPTION
Materials specified viewing copy
Extent 4 videodiscs (approximately 585 min.) :
Other physical details sound, color ;
Dimensions 4 3/4 in.
336 ## - Content Type
Content type term two-dimensional moving image
337 ## - Media type
Media type term video
338 ## - Carrier type
Carrier type term videodisc
340 ## - PHYSICAL MEDIUM
Dimensions 4 3/4 in.
500 ## - GENERAL NOTE
General note Wide screen (1.78:1), dual layer.
500 ## - GENERAL NOTE
General note All thirteen episodes of the second season of the television program originally broadcast in 2014.
500 ## - GENERAL NOTE
General note Title from container.
500 ## - GENERAL NOTE
General note Special features: deleted scenes; gag reel; Operation ghost stories; Shades of red.
505 00 - FORMATTED CONTENTS NOTE
Miscellaneous information Disc 1.
Title Comrades --
-- Cardinal --
-- The walk In --
Miscellaneous information disc 2.
Title A little night music --
-- The deal --
-- Behind the red door --
-- Arpanet --
Miscellaneous information Disc 3.
Title New car --
-- Martial eagle --
-- Yousaf --
-- Stealth --
Miscellaneous information disc 4.
Title Operation Chronicle --
-- Echo.
508 ## - CREATION/PRODUCTION CREDITS NOTE
Creation/production credits note Created by Joseph Weisberg; music, Nathan Barr.
511 1# - PARTICIPANT OR PERFORMER NOTE
Participant or performer note Keri Russell, Matthew Rhys, Noah Emmerich, Holly Taylor, Annet Mahendru, Richard Thomas, Keidrich Sellati.
520 ## - SUMMARY, ETC.
Summary, etc Technological advances have escalated Cold War tensions to an all-time high, and undercover KGB operatives Elizabeth and Philip Jennings face the growing threat of discovery. As their assignments grow more deadly, their family is in more danger, and their loyalties are tested like never before.
521 ## - TARGET AUDIENCE NOTE
Target audience note MPAA rating: MA<br/>Sex and Nudity<br/>Violence and Gore
546 ## - LANGUAGE NOTE
Language note In English or dubbed Spanish; optional subtitles in French or Spanish.
546 ## - LANGUAGE NOTE
Language note Closed-captioned for the deaf and hard of hearing.
610 10 - SUBJECT ADDED ENTRY--CORPORATE NAME
Corporate name or jurisdiction name as entry element Soviet Union.
Subordinate unit Komitet gosudarstvenno�i bezopasnosti
General subdivision Officials and employees
Form subdivision Drama.
9 (RLIN) 6490445
610 17 - SUBJECT ADDED ENTRY--CORPORATE NAME
Corporate name or jurisdiction name as entry element Soviet Union.
Subordinate unit Komitet gosudarstvenno�i bezopasnosti.
Source of heading or term fast
9 (RLIN) 5771928
611 27 - SUBJECT ADDED ENTRY--MEETING NAME
Meeting name or jurisdiction name as entry element Cold War (1945-1989)
Source of heading or term fast
9 (RLIN) 5892221
648 #7 - SUBJECT ADDED ENTRY--CHRONOLOGICAL TERM
Chronological term 1945 - 1991
Source of heading or term fast
9 (RLIN) 6490446
650 #0 - SUBJECT ADDED ENTRY--TOPICAL TERM
Topical term or geographic name as entry element Spies
Geographic subdivision Soviet Union
Form subdivision Drama.
9 (RLIN) 6407732
650 #0 - SUBJECT ADDED ENTRY--TOPICAL TERM
Topical term or geographic name as entry element Espionage
Geographic subdivision Soviet Union
Form subdivision Drama.
9 (RLIN) 6490447
650 #0 - SUBJECT ADDED ENTRY--TOPICAL TERM
Topical term or geographic name as entry element Intelligence service
Geographic subdivision Soviet Union
Form subdivision Drama.
9 (RLIN) 6490448
650 #0 - SUBJECT ADDED ENTRY--TOPICAL TERM
Topical term or geographic name as entry element Espionage, Soviet
Geographic subdivision United States
Form subdivision Drama.
9 (RLIN) 6407733
650 #0 - SUBJECT ADDED ENTRY--TOPICAL TERM
Topical term or geographic name as entry element Subversive activities
Geographic subdivision United States
Form subdivision Drama.
9 (RLIN) 6490449
650 #0 - SUBJECT ADDED ENTRY--TOPICAL TERM
Topical term or geographic name as entry element Cold War
Form subdivision Drama.
9 (RLIN) 5706352
650 #0 - SUBJECT ADDED ENTRY--TOPICAL TERM
Topical term or geographic name as entry element Nineteen eighties
Form subdivision Drama.
9 (RLIN) 5761407
650 #7 - SUBJECT ADDED ENTRY--TOPICAL TERM
Topical term or geographic name as entry element Diplomatic relations.
Source of heading or term fast
650 #7 - SUBJECT ADDED ENTRY--TOPICAL TERM
Topical term or geographic name as entry element Employees.
Source of heading or term fast
650 #7 - SUBJECT ADDED ENTRY--TOPICAL TERM
Topical term or geographic name as entry element Espionage.
Source of heading or term fast
650 #7 - SUBJECT ADDED ENTRY--TOPICAL TERM
Topical term or geographic name as entry element Espionage, Soviet.
Source of heading or term fast
650 #7 - SUBJECT ADDED ENTRY--TOPICAL TERM
Topical term or geographic name as entry element Intelligence service.
Source of heading or term fast
650 #7 - SUBJECT ADDED ENTRY--TOPICAL TERM
Topical term or geographic name as entry element Political science.
Source of heading or term fast
650 #7 - SUBJECT ADDED ENTRY--TOPICAL TERM
Topical term or geographic name as entry element Spies.
Source of heading or term fast
650 #7 - SUBJECT ADDED ENTRY--TOPICAL TERM
Topical term or geographic name as entry element Subversive activities.
Source of heading or term fast
651 #0 - SUBJECT ADDED ENTRY--GEOGRAPHIC NAME
Geographic name Soviet Union
General subdivision Politics and government
Chronological subdivision 1945-1991
Form subdivision Drama.
9 (RLIN) 6490451
651 #0 - SUBJECT ADDED ENTRY--GEOGRAPHIC NAME
Geographic name United States
General subdivision Politics and government
Chronological subdivision 1945-1989
Form subdivision Drama.
9 (RLIN) 6490452
651 #0 - SUBJECT ADDED ENTRY--GEOGRAPHIC NAME
Geographic name Soviet Union
General subdivision Foreign relations
Geographic subdivision United States
Form subdivision Drama.
9 (RLIN) 6490453
651 #0 - SUBJECT ADDED ENTRY--GEOGRAPHIC NAME
Geographic name United States
General subdivision Foreign relations
Geographic subdivision Soviet Union
Form subdivision Drama.
9 (RLIN) 6490454
651 #7 - SUBJECT ADDED ENTRY--GEOGRAPHIC NAME
Geographic name Soviet Union.
Source of heading or term fast
651 #7 - SUBJECT ADDED ENTRY--GEOGRAPHIC NAME
Geographic name United States.
Source of heading or term fast
655 #7 - INDEX TERM--GENRE/FORM
Genre/form data or focus term Spy television programs.
Source of term lcgft
655 #7 - INDEX TERM--GENRE/FORM
Genre/form data or focus term Television crime shows.
Source of term lcgft
9 (RLIN) 5706353
655 #7 - INDEX TERM--GENRE/FORM
Genre/form data or focus term Action and adventure television programs.
Source of term lcgft
9 (RLIN) 5676921
655 #7 - INDEX TERM--GENRE/FORM
Genre/form data or focus term Thrillers (Television programs)
Source of term lcgft
9 (RLIN) 5698785
655 #7 - INDEX TERM--GENRE/FORM
Genre/form data or focus term Historical television programs.
Source of term lcgft
655 #7 - INDEX TERM--GENRE/FORM
Genre/form data or focus term Fiction television programs.
Source of term lcgft
9 (RLIN) 5673656
655 #7 - INDEX TERM--GENRE/FORM
Genre/form data or focus term Video recordings for the hearing impaired.
Source of term lcgft
655 #7 - INDEX TERM--GENRE/FORM
Genre/form data or focus term Drama.
Source of term fast
700 1# - ADDED ENTRY--PERSONAL NAME
Personal name Russell, Keri,
Dates associated with a name 1976-
Relator term actor.
9 (RLIN) 65390
700 1# - ADDED ENTRY--PERSONAL NAME
Personal name Rhys, Matthew,
Dates associated with a name 1974-
Relator term actor.
700 1# - ADDED ENTRY--PERSONAL NAME
Personal name Emmerich, Noah,
Relator term actor.
9 (RLIN) 66134
700 1# - ADDED ENTRY--PERSONAL NAME
Personal name Taylor, Holly,
Dates associated with a name 1997-
Relator term actor.
700 1# - ADDED ENTRY--PERSONAL NAME
Personal name Mahendru, Annet,
Dates associated with a name 1989-
Relator term actor.
9 (RLIN) 6003756
700 1# - ADDED ENTRY--PERSONAL NAME
Personal name Thomas, Richard,
Dates associated with a name 1951-
Relator term actor.
9 (RLIN) 15830
700 1# - ADDED ENTRY--PERSONAL NAME
Personal name Sellati, Keidrich,
Relator term actor.
9 (RLIN) 6003755
710 2# - ADDED ENTRY--CORPORATE NAME
Corporate name or jurisdiction name as entry element Amblin Television (Firm),
Relator term production company.
9 (RLIN) 64323
710 2# - ADDED ENTRY--CORPORATE NAME
Corporate name or jurisdiction name as entry element Fox Television Studios,
Relator term production company.
9 (RLIN) 5774162
710 2# - ADDED ENTRY--CORPORATE NAME
Corporate name or jurisdiction name as entry element Twentieth Century Fox Home Entertainment, Inc.,
Relator term film distributor.
9 (RLIN) 61951
710 2# - ADDED ENTRY--CORPORATE NAME
Corporate name or jurisdiction name as entry element Copyright Collection (Library of Congress)
Institution to which field applies DLC
9 (RLIN) 25902
942 ## - ADDED ENTRY ELEMENTS (KOHA)
Source of classification or shelving scheme Dewey Decimal Classification
Koha item type Rated-R Video, DVD, or Blu-Ray
Holdings
Withdrawn status Lost status Source of classification or shelving scheme Materials specified (bound volume or other part) Damaged status Not for loan Collection code Home library Current library Shelving location Date acquired Source of acquisition Cost, normal purchase price Total Checkouts Total Renewals Full call number Barcode Date last seen Date checked out Cost, replacement price Price effective from Koha item type
    Dewey Decimal Classification .CIRCNOTE. 4 discs     Television Series Wasatch County Library Wasatch County Library Audio Visual Area 06/10/2019   14.98 11 8 TV Series Americans #2 34301001633009 10/20/2025 09/04/2025 14.98 03/20/2020 DVD Series
This project was made possible through a grant from the Institute of Museum and Library Service administered by the Utah State Library Division.

Wasatch County Library

  • 465 East 1200 South, Heber City, Utah 84032
  • Phone 435-654-1511 | Fax 435-654-6456

Hours

  • Monday - Friday 9:30 AM - 8:00 PM
  • Saturday 9:30 AM - 1:30 PM
  • Closed Sundays and Holidays